[Event "Europa-MM Plovdiv 2003"]
[Site "Plovdiv"]
[Date "2003.10.18"]
[Round "7"]
[White "Svidler, Peter"]
[Black "Macieja, Bartolomej"]
[Result "1/2-1/2"]
[WhiteElo "2723"]
[BlackElo "2635"]
[PlyCount "157"]
[EventDate "2003.10.11"]

1. e4 c6 2. d4 d5 3. Nd2 dxe4 4. Nxe4 Nd7 5. Ng5 Ngf6 6. Bd3 e6 7. N1f3 Bd6 8.
Qe2 h6 9. Ne4 Nxe4 10. Qxe4 Nf6 11. Qe2 b6 12. Bd2 Bb7 13. O-O-O Qc7 14. Kb1
O-O-O 15. c4 c5 16. Bc3 Rhe8 17. Rhe1 Nh5 18. g3 Nf6 19. Bc2 Qc6 20. Ne5 Bxe5
21. dxe5 Rxd1+ 22. Qxd1 Rd8 23. Qe2 Ng8 24. Qg4 g6 25. Rd1 Qf3 26. Rxd8+ Kxd8
27. Qxf3 Bxf3 28. Kc1 Ne7 29. Kd2 Nf5 30. Ba4 a5 31. a3 Ne7 32. Ke3 Bc6 33. Bd1
a4 34. g4 Ke8 35. h4 Kf8 36. Bd2 Kg7 37. f3 Bd7 38. Bc2 Bc6 39. Kf2 Bd7 40. Kg3
Bc6 41. Bc3 Bd7 42. h5 gxh5 43. gxh5 Bc6 44. Kf4 Kf8 45. Bd2 Bd7 46. Be1 Nf5
47. b4 axb3 48. Bxb3 Nd4 49. Bd1 Nc6 50. Ke4 Na5 51. Kd3 Nc6 52. f4 Nd4 53. Bf2
Nc6 54. Kc3 Na5 55. Bh4 Nc6 56. Bf6 Kg8 57. Bg4 Kf8 58. Bf3 Kg8 59. Bd1 Kf8 60.
a4 Be8 61. Bh4 Bd7 62. a5 Nxa5 63. Bd8 Nb7 64. Bxb6 Bc6 65. Kd2 Ke7 66. Ke3 Kd7
67. Bc2 Bg2 68. Ba7 Bc6 69. f5 Kc7 70. Kf4 Bd7 71. Bd3 Bc6 72. Be2 Bg2 73. Bg4
Kd7 74. Bb8 Bf1 75. Bf3 Kc8 76. Ba7 Kc7 77. Bxb7 Kxb7 78. Bxc5 Be2 79. Ke4
1/2-1/2